| 000 | 00714nam a2200217 4500 | ||
|---|---|---|---|
| 001 | 85827 | ||
| 003 | BD-RjUL | ||
| 005 | 20251009125220.0 | ||
| 008 | 251009s1967 p ||||| |||| 00| 0 urd d | ||
| 035 | _a(BD-RjUL)85827 | ||
| 040 |
_aBD-RjUL _beng _cBD-RjUL |
||
| 041 | _aurd | ||
| 082 |
_223 _a954.91 _bJAS 1967 |
||
| 100 |
_a الزماں، چودہری خلیق ;; Zaman, Chaudhry Khaliq _917133 |
||
| 245 |
_aشاہراہ پاکستان ;; sharah pakistan / _cچودہری خلیق الزماں ;; Chaudhry Khaliq-e-Zaman |
||
| 260 |
_aPakistan : _bAnjuman i Islamiah, _c1967 |
||
| 300 |
_a1113 p. ; _c22 cm. |
||
| 650 |
_aRoads _zPakistan _917134 |
||
| 650 |
_a Highways _zPakistan _917135 |
||
| 942 |
_2ddc _cBK |
||
| 999 |
_c85827 _d85827 |
||